Statistics for Alice Merton - No Roots (Lyrics)

Click here to take the quiz!

General Stats

  • This quiz has been taken 20 times
  • The average score is 338 of 388

Answer Stats

Answer% Correct
A
100%
a
100%
and
100%
And
100%
I've
100%
got
100%
ground
100%
home
100%
I
100%
I've
100%
my
100%
never
100%
no
100%
No
100%
roots
100%
digging
95%
holes,
95%
holes
95%
in
95%
me
95%
on
95%
the
95%
to
95%
was
95%
find
89%
for
89%
inside
89%
like
89%
them
89%
Then
89%
then
89%
things
89%
forget
84%
hiding
84%
times
84%
When
84%
'Cause
79%
is
79%
night
79%
thousand
79%
won't
79%
memories
74%
seen
74%
but
68%
But
68%
grow
68%
hope
68%
old,
68%
gypsies
63%
it
63%
this
63%
road
58%
where
58%
come
53%
from,
53%
travel
53%
I'll
47%
It's
47%
just
47%
still
47%
that
47%
boxes,
42%
pack
42%
same
42%
up
42%
Ask
37%
changes,
37%
different
37%
down
37%
head
37%
land
37%
next
37%
rest
37%
running
37%
say
37%
standing
37%
town
37%
wait
37%
build
32%
plan
32%
someone
32%
that's
32%
guessing
26%
place
26%
tear
26%
wishful
26%
game
21%
play
21%
count
16%
numbers,
16%
gates
5%

Score Distribution

Percentile by Number Answered

Percent of People with Each Score

Your Score History

You have not taken this quiz